Privilégium spišských Nemcov z roku 1271

Bibliographic Details
Main Author: Chalupecký, Ivan, 1932-2020 (Author)
Format: Article
Language:Slovak
Subjects:

MARC

LEADER 00000nab a2200000 ar4500
001 vtls009008615
003 SK-MaSNL
005 20260303065525.0
008 070723|2007 xo er|p|||||||000 b|slo
015 |a SNBRA2007/05 
038 |a PPPK 
040 |a PPPKCL  |b slo  |c PPPKCL  |e AACR2 
041 0 |a slo 
044 |a xo  |c SK 
080 |a 943.76"12/13":323.15  |x (437.6=30)  |2 1997 
080 |a 930.22  |x (437.6)  |2 1997 
080 |a 323.15  |x (437.6=30)  |x (091)  |2 1997 
100 1 |a Chalupecký, Ivan,  |d 1932-2020  |4 aut  |9 199754 
245 1 0 |a Privilégium spišských Nemcov z roku 1271  |c Ivan Chalupecký 
504 |a Bibliogr. odkazy a poznámky 
648 7 |a 12.-13. stor.  |2 pppkcl  |9 319326 
648 7 |a 1271  |2 snkbucl  |9 1065695 
650 0 7 |a mestské privilégiá  |2 pppkcl  |9 57370 
650 0 7 |a Nemci  |2 pppkcl  |9 22551 
651 7 |a Spiš (Slovensko : región)  |2 snkbucl  |9 17692 
651 7 |a Spišská Belá (Slovensko)  |2 pppkcl  |9 16198 
773 0 |t Z minulosti Spišskej Belej. Ročenka mesta Spišská Belá. III. ročník  |d Spišská Belá - Levoča : Mestský úrad - Spišský dejepisný spolok, 1997  |g S. 14-19 
852 |a PPPK  |b KIS3GCP 
958 |a NB 
958 |a NM 
958 |a DE 
999 |c 1751550  |d 1753480